000 02975nam a2200457 a 4500
003 CHAP
005 20250128090603.0
007 cr ||||||a|c|a
008 110119s2010 mx r 00010 spa d
035 _a111946
040 _cCHAP
090 _aTesis
100 1 _aPerdomo Villanueva, Homero
_987084
245 1 0 _aPobreza
_bmedición de incidencia, brecha y severidad en el Estado de Morelos vía ingresos, 2008
_c/por Homero Perdomo Villanueva; director de tesis Celina Escajeda Arce.
264 1 _aChapingo, Méx. :
_bEl autor,
_c2010.
300 _a1 recurso en línea (127 páginas):
_bgráficas, cuadros.
336 _2rdacontent
_atexto
_btxt
337 _2rdamedia
_acomputadora
_bc
338 _2rdacarrier
_arecurso en línea
_bcr
502 _bLEA
_cDICEA
_d2010.
_gLIC
520 _aEn los últimos años, la medición de la pobreza se ha vuelto un tema muy recurrente y relevante para la mayoría de los países, dado que los esfuerzos por combatirla tienen alta prioridad entre los objetivos de la política económica y social. El método más adecuado de medición es el de la línea de pobreza, la principal ventaja de este método consiste en su simplicidad para la identificación de los pobres así como la posibilidad de cuantificar la extensión de la pobreza y hacer comparaciones en el tiempo. Bajo este método se realizo la medición, comparación y descomposición de la pobreza para la familia de índices FGT en el estado de Morelos y el resto del País utilizando la base de datos del MCS 20081 mediante la metodología del CONEVAL para la medición de la pobreza por ingresos, donde se definen tres líneas de pobreza: alimentaria, capacidades y patrimonio. La aplicación de políticas económicas y sociales debe ser segmentada para la erradicación de la pobreza siendo los grupos de hogares urbanos con jefe mujer, hogares rurales con jefe hombre, hogares urbanos y rurales agrícolas, hogares urbanos y rurales indígenas, hogares urbano y rurales migrantes los que deberían recibir mayor atención por tener mayor nivel de severidad en la pobreza.
590 _aALEPH
_b10
_c20130110
590 _aBATCH-UPD
_b10
_c20130110
590 _aBATCH-UPD
_b10
_c20130410
590 _aBATCH-UPD
_b10
_c20130914
590 _aBATCH-UPD
_b10
_c20140324
590 _aBATCH-UPD
_b10
_c20141002
590 _aCONVERSION
_b10
_c20130109
650 1 4 _aDesarrollo de la comunidad rural
_xMorelos.
_932016
650 1 4 _aIngresos
_xMorelos.
_958400
650 1 4 _aPoblación
_zMorelos.
_989429
650 1 4 _aPobreza.
_989463
700 1 _aEscajeda Arce, Celina
_937380
_eDirector de tesis.
856 _uhttp://10.13.5.2/tesis/111946.pdf
_zDESCARGAR PDF
901 _aBK
942 _cTD
_2Clasificación Universidad Autónoma Chapingo
949 _aTesis
_bBC
_cTES
_d33724002228132
_eTS2
_fc.2
_gDonaciØn
_h51769
_i111946
_sb
949 _aTesis
_bBC
_cTES
_d33724002228173
_eTS1
_gDonaciØn
_h51768
_i111946
_sb
999 _c100287
_d100287